| 000 | 00758nam a2200253 4500 | ||
|---|---|---|---|
| 003 | OSt | ||
| 005 | 20260601193525.0 | ||
| 008 | 260507b1992 |||a|||| |||| 001 0 spa d | ||
| 040 |
_aICI _bspa _cICI |
||
| 050 |
_aNA2760 _bC4518 |
||
| 100 | 1 |
_aChing, F. _935558 |
|
| 245 | 1 |
_aArquitectura: _bForma, Espacio y Orden |
|
| 264 |
_bGustavo Gili Mexico _c1991 _aMéxico |
||
| 300 | _a396 páginas | ||
| 336 |
_atexto _2rdacontent |
||
| 337 |
_asin medio _2rdamedia |
||
| 338 |
_avolumen _2rdacarrier |
||
| 500 | _aLibro de Referencia | ||
| 650 |
_aArquitectura _xComposición, proporción, etc. _935559 |
||
| 650 |
_aDiseño arquitectónico _935560 |
||
| 650 |
_aEspacio en arquitectura _935561 |
||
| 650 |
_aOrdenación del espacio _935562 |
||
| 942 |
_2lcc _cB _n1 |
||
| 999 |
_c21136 _d21136 |
||